00644nam a2200241 a 4500001001300000003000900013005001700022008004100039020001000080082001600090100002200106245001800128260003100146300000900177500003500186505001600221650001800237700002200255902000800277942000700285952009500292999001500387nice12345678IN_TiNIC20260116011542.0050524s1920 teha grp 000 0 per  ac10000a297.52bABD aAbdullah, Tehrani aMiftahuljinan aTehranbNaderi Pressc1920 a439p aincludes index and biblioraphy2 aArabic-Urdu aIslam-Prayers1 aAbdullah, Tehrani bSRS cBK 00104070aHMIbHMId2007-07-04g100.00l0o297.52 ABDp161r2007-07-04w2026-01-16yARB c2562d2562